=LDR 00000nam 2200000 4500 =001 INLIS000000000009397 =005 20130612101208 =008 ***********************************Ind** =035 ##$$0010-061300000009397 =041 ##$$a Ind =082 ##$$a 230 =090 ##$$a 230, Fus t =100 ##$$a Fuster, Sj. J. M =245 ##$$a Tumbuh dan Berkembang dalam Iman, J.M. Fuster Sj =260 ##$$a 1985 $b Yokyakarta =300 ##$$a 221 hlm, 21 cm =650 ##$$a Kristiani =850 ##$$a NBPNMAT